Detalles MARC
| 000 -CABECERA |
| campo de control de longitud fija |
00900nam a2200217 a 4500 |
| 001 - NÚMERO DE CONTROL |
| campo de control |
000015694 |
| 005 - FECHA Y HORA DE LA ÚLTIMA TRANSACCIÓN |
| campo de control |
20251204073702.0 |
| 008 - DATOS DE LONGITUD FIJA--INFORMACIÓN GENERAL |
| campo de control de longitud fija |
100217s1940 dr c 000 0 spa d |
| 040 ## - FUENTE DE LA CATALOGACIÓN |
| Centro catalogador/agencia de origen |
DO-SdBNP |
| Lengua de catalogación |
spa |
| Centro/agencia transcriptor |
BNPHU |
| 082 ## - NÚMERO DE LA CLASIFICACIÓN DECIMAL DEWEY |
| Número de clasificación |
351.7293 |
| Número de documento/Ítem |
P953c |
| 049 ## - FONDOS LOCALES (OCLC) |
| Fondos de biblioteca |
BNPD |
| 111 2# - ENTRADA PRINCIPAL--NOMBRE DE CONGRESO/REUNIÓN |
| Nombre de congreso/reunión o jurisdicción como elemento de entrada |
Congreso de procuradores en la República Dominicana |
| Número del congreso/reunión o número de parte o sección |
(1a : |
| Fecha del congreso/reunión |
1940 ago. 16-17 : |
| Sede del congreso/Lugar de la reunión |
Ciudad Trujillo, República Dominicana) |
| 9 (RLIN) |
35365 |
| 245 10 - MENCIÓN DE TÍTULO |
| Título |
Primer decenio de la era de Trujillo 1930-1940. |
| 246 13 - FORMA VARIANTE DE TÍTULO |
| Título propio/Titulo breve |
Historia judicial del primer decenio de la era de Trujillo 1930-1940. |
| 250 ## - MENCIÓN DE EDICIÓN |
| Mención de edición |
ed. oficial |
| 260 ## - PUBLICACIÓN, DISTRIBUCIÓN, ETC. |
| Lugar de publicación, distribución, etc. |
Ciudad Trujillo, República Dominicana : |
| Nombre del editor, distribuidor, etc. |
La Unión, |
| Fecha de publicación, distribución, etc. |
1940. |
| 300 ## - DESCRIPCIÓN FÍSICA |
| Extensión |
184 p. : |
| Otras características físicas |
retrs. ; |
| Dimensiones |
24 cm. |
| 650 #4 - PUNTO DE ACCESO ADICIONAL DE MATERIA--TÉRMINO DE MATERIA |
| Término de materia o nombre geográfico como elemento de entrada |
Derecho |
| Subdivisión general |
Congresos,conferencias,etc. |
| 9 (RLIN) |
35366 |
| 650 #0 - PUNTO DE ACCESO ADICIONAL DE MATERIA--TÉRMINO DE MATERIA |
| Término de materia o nombre geográfico como elemento de entrada |
Administración de justicia |
| 9 (RLIN) |
10083 |
| 710 1# - PUNTO DE ACCESO ADICIONAL--NOMBRE DE ENTIDAD CORPORATIVA |
| Nombre de entidad corporativa o nombre de jurisdicción como elemento de entrada |
República Dominicana. |
| Unidad subordinada |
Procuraduria General de la República |
| 9 (RLIN) |
32241 |
| 999 ## - NÚMEROS DE CONTROL DE SISTEMA (KOHA) |
| -- |
0000182 |